000
00291nam a2200133Ia 4500
100
_a
O''''Brien/ J.A.
942
_c
BK
654
_a
management
245
_a
Management information systems
260
_b
Galgotia
_a
New Delhi
_c
1994
082
_a
5.7406
300
_a
670
546
_a
ENGLISH
999
_c
34176
_d
34176